1406 1686 1017 1576 1867 1098 1090 1058 1571 1326 1972 1314 1168 1292 1488 1168 1753 1171 1879 1633 1951 1167 1189 1009 1792 1519 1448 1127 1573 1059 1135 1955 1082 1659 1872 1706 1022 1864 1100 1973 1209 1655 1325 1273 1201 1958 1560 1224 1038 1603 1174 1733 1183 1409 1469 1176 1873 1335 1613 1095 1941 1151 1966 1143 1259 1915 1056 1630 1243 1523 1419 1391 1530 1491 1334 1958 1639 1776 1484 1610 1666 1175 1172 1962 1843 1128 1184 1555 1246 1857 1632 1855 1922 1876 1549 1147 1009 1937 1128 BCNSPRNW ULIB Ver.6.0+V

เปลี่ยนเป็นภาษาไทย

Change to English
 แสดงรายละเอียดบรรณานุกรม
  กลับหน้าหลัก

Brief Record : Get Marc (ISO 2709) : E-mail record : QR code < ปิดหน้าต่าง
LEADER : 00000nam 2200000uu 4500
001    13399127932
003     ULIB
008    211115s2021||||th 000 0 tha d
020    ^a9780729543392
060 04 ^aWY18.2^bM549
245 00 ^aMental health in Nursing Theory and Practice for Clinical Settings /^cconsulting editors, Kim Foster... [et al.]
250    ^a5th ed.
260    ^aPhiladelphia :^bElsevier,^c2021
300    ^axi, 490 p. ;^c29 cm.
650  0 ^anursing
650  2 ^aMental^xnursing
700 1  ^aKim, Foster,^eed.
700 1  ^aPeta, Marks,^eed.
700 1  ^aAnthony J, O Brien,^eed.
700 1  ^aToby, Raeburn,^eed.
945    ^p2541^l0^i008519
999    ^aประนอม เกษจรัล
รายการนี้ยังไม่มีแท็ก
คุณยังไม่ได้ล็อกอิน คุณสามารถมีกิจกรรมร่วมกับเว็บไซต์ได้ แต่ต้องล็อกอินก่อน ::
  ล็อกอิน

รายการสื่อสารสนเทศ

ลำดับที่ ประเภท เลขเรียก/บาร์โค้ด สถานที่ สถานะ
1. Book การพยาบาล
หนังสือสำรอง
สถานะ=หนังสือสำรอง
WY18.2 M549 ฉ.1 
  Barcode: 008519
ห้องสมุดวิทยาเขตสวรรค์ประชารักษ์
►หนังสือทั่วไป
ถูกยืม กำหนดส่งวันที่ 5 ธันวาคม 2568
  จอง

รายการใกล้เคียง
    หัวเรื่อง [nursing]

BibComment


ยังไม่เคยถูกคอมเมนท์

คอมเมนท์ทรัพยากรรายการนี้
  คอมเมนท์: Mental health in..


 Copyright 2026. Bcnsprnw @Library